Art as far as the eye can see / (Record no. 117684)
[ view plain ]
| 000 -LEADER | |
|---|---|
| fixed length control field | 00478nam a2200169Ia 4500 |
| 008 - FIXED-LENGTH DATA ELEMENTS--GENERAL INFORMATION | |
| fixed length control field | 140529s9999 xx 000 0 und d |
| 020 ## - INTERNATIONAL STANDARD BOOK NUMBER | |
| International Standard Book Number | 9781845206116 |
| 050 ## - LIBRARY OF CONGRESS CALL NUMBER | |
| Classification number | N 6497 |
| Item number | .V5713 2007 |
| 100 ## - MAIN ENTRY--PERSONAL NAME | |
| Personal name | Virilio, Paul. |
| 245 ## - TITLE STATEMENT | |
| Title | Art as far as the eye can see / |
| Statement of responsibility, etc | Paul Virilio ; translated by Julie Rose |
| 260 ## - PUBLICATION, DISTRIBUTION, ETC. (IMPRINT) | |
| Place of publication, distribution, etc | New York : |
| Name of publisher, distributor, etc | Berg, |
| Date of publication, distribution, etc | c2007. |
| 300 ## - PHYSICAL DESCRIPTION | |
| Extent | 127 p. ; |
| Dimensions | 19 cm. |
| 521 ## - TARGET AUDIENCE NOTE | |
| Target audience note | |
| 650 ## - SUBJECT ADDED ENTRY--TOPICAL TERM | |
| Topical term or geographic name as entry element | Art and popular culture. |
| 942 ## - ADDED ENTRY ELEMENTS (KOHA) | |
| Call number prefix | Foreign |
| Koha item type | Books |
| Withdrawn status | Lost status | Damaged status | Home library | Current library | Shelving location | Date acquired | Total Checkouts | Total Renewals | Full call number | Barcode | Date last seen | Date checked out | Price effective from | Koha item type |
|---|---|---|---|---|---|---|---|---|---|---|---|---|---|---|
| College Library | College Library | General Circulation Section | 05/30/2014 | 1 | 2 | N 6497 .V5713 2007 | C16973 | 10/29/2019 | 07/30/2018 | 05/30/2014 | Books |